000 00871nam a2200289Ia 4500
003 OSt
005 20220928124108.0
006 a|||||r|||| 00| 0
007 ta
008 220927b |||||||| |||| 00| 0 eng d
020 _cUKP 59.99
024 _a144354
037 _b36, 12/03/2021, Shivam Book Service
_cTextual
040 _aSDCL
_cSDCL
_beng
041 _2eng
_aeng
082 _aB286, Q9
100 _aChatfield Chris
245 0 _aAnalysis of time series
_b An introduction with R
250 _a7th
260 _aBoca Raton
_b CRC Press
_c2019
300 _axv,398p.
_ccm.
490 _aTexts in statistical science
650 _aBusiness Economics and Finance
700 _a Xing Haipeng
_9463350
942 _hB286, Q9
_cTEXL
_2CC
999 _c776273
_d776273